Представление документа в формате RUSMARC

ПолеНазваниеЗначение
  Тип записи a
  Библиографический уровень m
001 Контрольный номер 1d116784f68547db892164d3c0377286
005 Дата корректировки 20170418135435.9
010 Индекс ISBN __
d Цена 340,00
d Цена 112,17
a ISBN 978-5-8031-0195-6
100 Данные общей обработки __
a Данные общей обработки 20140429d2010 |||y0rusy50 ca
101 Язык документа 0_
a Язык текста rus
a Язык текста rus
102 Страна публикации __
a Страна публикации RU
105 Кодированные данные (монография) __
a Кодированные данные (монография) y a 000ay
200 Заглавие и сведения об ответственности 1_
a Заглавие Оценка качества товаров и основы экспертизы
e Сведения, относящиеся к заглавию практикум
f Первые сведения об ответственности С.Е. Каменева
g Последующие сведения об ответственности О.Ю. Свекольникова
g Последующие сведения об ответственности Л.Е. Платонова
g Последующие сведения об ответственности Л.А. Ахметова
b Общее обозначение материала Текст
210 Выходные данные 1_
a Место издания Энгельс
c Издательство Ред.-изд. центр Поволжского кооперативного института
d Дата издания 2016
215 Физическое описание __
a Объем 224 с.
610 Ключевые слова 0_
a Ключевые слова товароведение
a Ключевые слова практикум
a Ключевые слова качество товаров
a Ключевые слова экспертиза товаров
a Ключевые слова продовольственные товары
a Ключевые слова непродовольственные товары
a Ключевые слова потребительские товары
686 Индексы других классификаций __
a Классификационный индекс 30.609
700 Автор _1
a Фамилия Каменева
b Имя С.Е.
701 Альтернативная интеллектуальная ответственность _1
a Фамилия Свекольникова
b Имя О.Ю.
701 Альтернативная интеллектуальная ответственность _1
a Фамилия Платонова
b Имя Л.Е.
701 Альтернативная интеллектуальная ответственность _1
a Фамилия Ахметова
b Имя Л.А.
801 Источник записи _0
a Страна RU
g Правила каталогизации rusmarc
852 Данные о местонахождении __
i Авторский знак К 18
j Шифр хранения ББК 30.609
901 Тип документа __
t Тип документа m
937 Технологическая информация __
a Создатель записи (имя) Михно
938 Служебная информация __
a Название организации Поволжский филиал
952 Тип литературы __
c Вид литературы практикум